[Event "Titled Tue 17th Jun Early"]
[Site "chess.com INT"]
[Date "2025.06.17"]
[Round "3"]
[White "Tang, Andrew"]
[Black "Kalyani Sirin"]
[Result "1-0"]
[WhiteTitle "GM"]
[BlackTitle "WFM"]
[WhiteElo "2529"]
[BlackElo "2138"]
[WhiteFideId "2059630"]
[BlackFideId "33323500"]
[EventDate "2025.06.17"]

1. d4 Nf6 2. c4 g6 3. f3 d5 4. cxd5 Nxd5 5. e4 Nb6 6. Nc3 Bg7 7. Be3 Nc6 8. d5
Ne5 9. f4 Bg4 10. Qc2 Bh6 11. Bd2 Ned7 12. h3 Bh5 13. g4 e5 14. Nf3 exf4 15.
gxh5 g5 16. Nb5 O-O 17. Rg1 Kh8 18. Bc3+ f6 19. Nbd4 Re8 20. Ne6 Qe7 21. Nfxg5
Bxg5 22. Rxg5 Rg8 23. O-O-O Rxg5 24. Nxg5 Nc5 25. Bd4 Nbd7 26. Bc4 Ne5 27. Ne6
Nxe6 28. dxe6 Rd8 29. Bxe5 fxe5 30. Rxd8+ Qxd8 31. Qd2 Qf6 32. Qd7 f3 33. e7
Qg5+ 34. Kc2 Qg2+ 35. Kb3 1-0

[Event "Titled Tue 17th Jun Early"]
[Site "chess.com INT"]
[Date "2025.06.17"]
[Round "3"]
[White "Langheinrich, Ferenc"]
[Black "Samunenkov, Ihor"]
[Result "0-1"]
[WhiteTitle "IM"]
[BlackTitle "GM"]
[WhiteElo "2346"]
[BlackElo "2562"]
[WhiteFideId "4641973"]
[BlackFideId "14187086"]
[EventDate "2025.06.17"]

1. e4 c5 2. Nf3 Nc6 3. Bb5 g6 4. Bxc6 bxc6 5. O-O Bg7 6. e5 f6 7. Re1 fxe5 8.
Nxe5 Nf6 9. c3 O-O 10. d4 cxd4 11. cxd4 Qc7 12. Qc2 Rb8 13. Bf4 Nh5 14. Bg5 Qd6
15. Qc4+ e6 16. Qc3 Nf4 17. Nd2 Qd5 18. Bxf4 Rxf4 19. Qg3 Rxd4 20. Ndf3 Re4 21.
Nxg6 Rxe1+ 22. Rxe1 Qb5 23. Ne7+ Kf7 24. Nxc8 Rxc8 25. b3 Bf6 26. Qf4 Ke7 0-1

[Event "Titled Tue 17th Jun Early"]
[Site "chess.com INT"]
[Date "2025.06.17"]
[Round "3"]
[White "Fedorov, Artem Alek"]
[Black "Asish Panda"]
[Result "1-0"]
[WhiteTitle "CM"]
[WhiteElo "2157"]
[BlackElo "1911"]
[WhiteFideId "34418431"]
[BlackFideId "45012458"]
[EventDate "2025.06.17"]

1. e4 e6 2. d4 d5 3. Nc3 Nf6 4. Bg5 Be7 5. e5 Nfd7 6. Bxe7 Qxe7 7. f4 a6 8. Nf3
c5 9. Ne2 Nc6 10. c3 b5 11. Ng3 g6 12. h4 h5 13. Qd2 Bb7 14. Bd3 c4 15. Bc2 b4
16. f5 exf5 17. Bxf5 O-O-O 18. O-O gxf5 19. Nxf5 Qe6 20. Ng5 Qg6 21. Nxf7 Kb8
22. Nxh8 Rxh8 23. Rae1 Rg8 24. e6 Nf6 25. e7 Ne4 26. Qf4+ Ka7 27. Re2 bxc3 28.
bxc3 Nxc3 29. Rb2 Nb5 30. a4 c3 31. Re2 Na3 32. Qd6 Nc4 33. Qxg6 Nxe7 34. Qh7
Nxf5 35. Rxf5 Rg4 36. Rf7 Nd6 37. Rd7 Re4 38. Rxe4 dxe4 39. Rxd6 c2 40. Rc6 e3
41. Rxc2 1-0

[Event "Titled Tue 17th Jun Early"]
[Site "chess.com INT"]
[Date "2025.06.17"]
[Round "3"]
[White "Savitha, Shri B"]
[Black "Idani, Pouya"]
[Result "1-0"]
[WhiteTitle "IM"]
[BlackTitle "GM"]
[WhiteElo "2293"]
[BlackElo "2593"]
[WhiteFideId "35061887"]
[BlackFideId "12510130"]
[EventDate "2025.06.17"]

1. e4 g6 2. Nf3 Bg7 3. d4 d6 4. Nc3 a6 5. Bd3 Bg4 6. Be3 Nc6 7. d5 Ne5 8. Be2
Nxf3+ 9. Bxf3 Bxf3 10. Qxf3 e6 11. O-O Ne7 12. Rad1 O-O 13. Bd4 Bxd4 14. Rxd4 e5
15. Rd3 f5 16. Qe2 f4 17. Qg4 Rf6 18. Rh3 Kg7 19. Nb1 h6 20. Nd2 c6 21. c4 Qc8
22. Qxc8 Rxc8 23. Rb3 b5 24. dxc6 Nxc6 25. cxb5 Nd4 26. Rb4 Nxb5 27. Nb3 Rc2 28.
a4 Nc7 29. Rb7 Rf7 30. Na5 Ne6 31. Rb6 Nc5 32. f3 Nxa4 33. Rxd6 Rxb2 34. Ra1 Rc7
35. h3 Nc5 36. Nc4 Nb3 37. Raxa6 Rb1+ 38. Kh2 Nc5 39. Rxg6+ Kf8 40. Raf6+ Ke7
41. Nxe5 Ra7 42. Rf7+ 1-0

[Event "Titled Tue 17th Jun Early"]
[Site "chess.com INT"]
[Date "2025.06.17"]
[Round "3"]
[White "Postny, Evgeny"]
[Black "Preobrazhenskaya, Diana"]
[Result "1-0"]
[WhiteTitle "GM"]
[BlackTitle "WFM"]
[WhiteElo "2525"]
[BlackElo "2005"]
[WhiteFideId "2804344"]
[BlackFideId "34270566"]
[EventDate "2025.06.17"]

1. e4 c5 2. Nf3 d6 3. Bb5+ Bd7 4. Bxd7+ Qxd7 5. O-O Nf6 6. Re1 Nc6 7. c4 e5 8.
Nc3 g6 9. d3 Bg7 10. Bg5 O-O 11. Bxf6 Bxf6 12. Nd5 Bg7 13. Rb1 Rae8 14. Qa4 f5
15. Nd2 Bh6 16. Nf1 Qf7 17. f3 fxe4 18. dxe4 Nd4 19. b4 g5 20. h3 Nxf3+ 21. gxf3
Qxf3 22. Rb2 g4 23. Rg2 Kh8 24. hxg4 Rg8 25. Qb3 Qf7 26. bxc5 dxc5 27. Qh3 Qe6
28. Nfe3 Rd8 29. Nf5 Bg5 30. a4 Rd7 31. Rf1 Qa6 32. Qb3 b6 33. Rf3 Qb7 34. Ng3
Rdg7 35. Nh5 Rg6 36. Qd1 Bd8 37. Rf5 Qc8 38. Qf3 Bc7 39. Ne7 Qd7 40. Nxg8 Rxg8
41. Nf6 Qd4+ 42. Kh2 Rg7 43. Nd5 Bd6 44. Rf6 1-0

[Event "Titled Tue 17th Jun Early"]
[Site "chess.com INT"]
[Date "2025.06.17"]
[Round "3"]
[White "Khanbutaev, Artemii"]
[Black "Hrabinska, Myroslava"]
[Result "1-0"]
[BlackTitle "WGM"]
[WhiteElo "2139"]
[BlackElo "2121"]
[WhiteFideId "55747175"]
[BlackFideId "14109190"]
[EventDate "2025.06.17"]

1. d4 d5 2. c4 e6 3. Nf3 Nf6 4. g3 Be7 5. Bg2 O-O 6. O-O b6 7. cxd5 exd5 8. Nc3
c6 9. Ne5 Nfd7 10. Nxd5 Nxe5 11. dxe5 cxd5 12. Qxd5 Nc6 13. Qxd8 Rxd8 14. Bxc6
Rb8 15. Bf4 Be6 16. Rfd1 Rxd1+ 17. Rxd1 g5 18. Be3 Rc8 19. Be4 h6 20. b3 Kg7 21.
f4 Bg4 22. f5 Ba3 23. Kf2 Bb2 24. Rd7 Bxe5 25. Rxa7 Rd8 26. Bd3 Kf6 27. Bxb6 Rd6
28. Bc5 Rc6 29. b4 Bh5 30. Ra6 Rxa6 31. Bxa6 Kxf5 32. Bd3+ Kf6 33. b5 Bg4 34.
Ke3 Bc8 35. Bd4 1-0

[Event "Titled Tue 17th Jun Early"]
[Site "chess.com INT"]
[Date "2025.06.17"]
[Round "3"]
[White "Rosenbecker, Daniel"]
[Black "Jonnalagadda, Vishnusankar"]
[Result "0-1"]
[WhiteTitle "CM"]
[WhiteElo "2109"]
[BlackElo "2047"]
[WhiteFideId "1718959"]
[BlackFideId "39900100"]
[EventDate "2025.06.17"]

1. b3 d5 2. Bb2 Nf6 3. Nf3 Bf5 4. e3 e6 5. c4 Be7 6. Nc3 O-O 7. Be2 h6 8. O-O c6
9. d4 Nbd7 10. c5 Re8 11. b4 e5 12. Nxe5 Nxe5 13. dxe5 Nd7 14. f4 f6 15. exf6
Bxf6 16. Qd2 Qe7 17. Nd1 a5 18. a3 axb4 19. axb4 Rxa1 20. Bxa1 Bxa1 21. g4 Be4
22. Kf2 Qh4+ 23. Kg1 Nf6 24. Nf2 Ra8 25. Rd1 h5 26. g5 Ng4 27. Bxg4 hxg4 28.
Nxe4 dxe4 29. Qc2 g3 30. Rd2 gxh2+ 31. Rxh2 Qe1+ 32. Kg2 Qxb4 33. Qd1 Ra2+ 34.
Kg3 Rxh2 35. Kxh2 Qxc5 36. Qd8+ Kh7 37. Kg3 Qxe3+ 38. Kg4 Qf3+ 39. Kf5 g6+ 40.
Ke6 Qxf4 0-1

[Event "Titled Tue 17th Jun Early"]
[Site "chess.com INT"]
[Date "2025.06.17"]
[Round "3"]
[White "Gunnarsson, Arnar"]
[Black "Grzesik, Gracjan"]
[Result "0-1"]
[WhiteTitle "IM"]
[BlackTitle "CM"]
[WhiteElo "2409"]
[BlackElo "2175"]
[WhiteFideId "2300915"]
[BlackFideId "1194593"]
[EventDate "2025.06.17"]

1. c4 c5 2. Nc3 Nc6 3. g3 g6 4. h4 h5 5. Nh3 Bg7 6. Bg2 e5 7. d3 Nge7 8. a3 O-O
9. Rb1 a5 10. Bd2 d6 11. Ng5 Rb8 12. Nd5 Nxd5 13. cxd5 Nd4 14. b4 axb4 15. axb4
cxb4 16. Bxb4 Bg4 17. f3 Bc8 18. Ne4 Nf5 19. Qd2 Ra8 20. Kf2 Ra6 21. Qc1 Bh6 22.
Bd2 Bxd2 23. Qxd2 f6 24. g4 hxg4 25. fxg4 Nd4 26. Qh6 Qe8 27. Rb2 f5 28. Ng5
fxg4+ 29. Kg1 Ra1+ 30. Kh2 g3+ 0-1

[Event "Titled Tue 17th Jun Early"]
[Site "chess.com INT"]
[Date "2025.06.17"]
[Round "3"]
[White "Suvradeepta, Das"]
[Black "Hehir, Michael"]
[Result "1-0"]
[WhiteTitle "FM"]
[WhiteElo "2230"]
[BlackElo "2009"]
[WhiteFideId "5058031"]
[BlackFideId "2047411"]
[EventDate "2025.06.17"]

1. d4 Nf6 2. Nc3 d5 3. Bg5 e6 4. Bxf6 Qxf6 5. e4 Bb4 6. exd5 exd5 7. Nf3 O-O 8.
Be2 c6 9. O-O Bf5 10. Nb1 Nd7 11. c3 Bd6 12. Nbd2 Rfe8 13. Re1 Nf8 14. Nf1 Ng6
15. Ng3 Bg4 16. Nd2 Bxe2 17. Rxe2 Rxe2 18. Qxe2 Nf4 19. Qf3 Re8 20. Kf1 g6 21.
Re1 Rxe1+ 22. Kxe1 Qe6+ 23. Kd1 h5 24. Ngf1 Qg4 25. Qxg4 hxg4 26. Ne3 Nd3 27.
Nxg4 Nxb2+ 28. Kc2 Na4 29. h3 Kg7 30. Nf1 Nb6 31. Nge3 f5 32. Nd2 Kf6 33. Kd3
Na4 34. Nf3 b5 35. g4 f4 36. g5+ Ke6 37. Ng4 Nb2+ 38. Ke2 Na4 39. Kd3 Nb2+ 40.
Ke2 Na4 41. Kd2 c5 42. Kc2 Nb6 43. Nge5 Nc4 44. Nxg6 Kf5 45. Ngh4+ Ke4 46. g6
Bf8 47. Ng5# 1-0

[Event "Titled Tue 17th Jun Early"]
[Site "chess.com INT"]
[Date "2025.06.17"]
[Round "3"]
[White "Stankovic, Boris"]
[Black "Willim, Michael"]
[Result "1-0"]
[WhiteTitle "FM"]
[BlackTitle "CM"]
[WhiteElo "2298"]
[BlackElo "2024"]
[WhiteFideId "985317"]
[BlackFideId "4632435"]
[EventDate "2025.06.17"]

1. d4 d5 2. Nc3 Nf6 3. Bf4 e6 4. Nb5 Na6 5. e3 Be7 6. Nf3 O-O 7. Be2 c6 8. Nc3
c5 9. O-O Bd7 10. Ne5 cxd4 11. exd4 Nb4 12. a3 Nc6 13. Nxd7 Qxd7 14. Bb5 a6 15.
Bd3 Rac8 16. Ne2 Na5 17. c3 Nc4 18. Bxc4 Rxc4 19. Ng3 h6 20. Re1 Bd6 21. Be5
Bxe5 22. Rxe5 b5 23. Qf3 a5 24. h3 b4 25. axb4 axb4 26. Re3 bxc3 27. bxc3 Rfc8
28. Rae1 Qc6 29. Ne2 Ne4 30. Rxe4 dxe4 31. Qe3 f5 32. Ra1 Kh7 33. g4 Ra4 34. Rb1
Ra2 35. gxf5 exf5 36. Rb4 Qg6+ 37. Kh2 Ra1 38. Qg3 Qxg3+ 39. Kxg3 g5 40. c4 f4+
41. Kg4 Rc6 42. d5 Kg6 43. Nxf4+ gxf4 44. dxc6 Ra6 45. c5 Rxc6 46. Rb6 1-0

[Event "Titled Tue 17th Jun Early"]
[Site "chess.com INT"]
[Date "2025.06.17"]
[Round "3"]
[White "Gajic, Mladen"]
[Black "Essing, Arnold"]
[Result "1-0"]
[WhiteTitle "FM"]
[BlackTitle "FM"]
[WhiteElo "2246"]
[BlackElo "2197"]
[WhiteFideId "1709178"]
[BlackFideId "4619862"]
[EventDate "2025.06.17"]

1. d4 d5 2. Nf3 e6 3. e3 c5 4. c3 Nc6 5. Bd3 Bd6 6. Nbd2 Nf6 7. O-O e5 8. dxc5
Bxc5 9. e4 O-O 10. Qe2 Bg4 11. h3 Bh5 12. exd5 Qxd5 13. Ne4 Nxe4 14. Bxe4 Qd6
15. Rd1 Qe7 16. b4 Bd6 17. a3 Rad8 18. Bb2 f5 19. Bd5+ Kh8 20. b5 Na5 21. Re1 e4
22. Qc2 Qf6 23. c4 Qh6 24. Ne5 Rde8 25. Nd7 Qf4 26. g3 Qf3 27. Nxf8 Rxf8 28. Qc3
Qxc3 29. Bxc3 b6 30. g4 fxg4 31. hxg4 Bxg4 32. Rxe4 Bf3 33. Re6 Bc5 34. Bxf3
Rxf3 35. Re8+ Rf8 36. Rxf8+ Bxf8 37. Bxa5 bxa5 38. a4 g6 39. Rd1 1-0

[Event "Titled Tue 17th Jun Early"]
[Site "chess.com INT"]
[Date "2025.06.17"]
[Round "3"]
[White "Howell, David W L"]
[Black "Mompel Ferruz, Xavier"]
[Result "1-0"]
[WhiteTitle "GM"]
[BlackTitle "FM"]
[WhiteElo "2668"]
[BlackElo "2342"]
[WhiteFideId "410608"]
[BlackFideId "54585775"]
[EventDate "2025.06.17"]

1. c4 e5 2. Nf3 e4 3. Nd4 Nf6 4. Nc3 c5 5. Nc2 Nc6 6. g3 Ne5 7. Ne3 h5 8. Qc2 h4
9. Nxe4 hxg3 10. fxg3 d6 11. Bg2 Nfg4 12. Nxg4 Nxg4 13. h3 Nh6 14. b3 Nf5 15.
Bb2 Be6 16. O-O-O a5 17. a4 Be7 18. e3 Rc8 19. Rhf1 f6 20. Rxf5 Bxf5 21. Nxd6+
Qxd6 22. Qxf5 Rc7 23. g4 Qb6 24. Kc2 Rd7 25. Bc3 Rg8 26. Bd5 Rf8 27. Qg6+ Kd8
28. Qxg7 f5 29. gxf5 Rxf5 30. Rg1 Rf8 31. Qg4 Kc7 32. h4 Bd6 33. h5 Rh8 34. Bxh8
Qb4 35. Bc3 Qa3 36. Ra1 1-0

[Event "Titled Tue 17th Jun Early"]
[Site "chess.com INT"]
[Date "2025.06.17"]
[Round "3"]
[White "Myagmarsuren, Evsuld"]
[Black "Dogan, Umut Anil"]
[Result "0-1"]
[WhiteTitle "FM"]
[BlackTitle "CM"]
[WhiteElo "2292"]
[BlackElo "2060"]
[WhiteFideId "1551639"]
[BlackFideId "51618060"]
[EventDate "2025.06.17"]

1. e4 e6 2. d4 d5 3. e5 b6 4. Nf3 Qd7 5. h4 c5 6. c3 Ba6 7. h5 Bxf1 8. Kxf1 Nc6
9. a4 Rc8 10. Na3 cxd4 11. cxd4 Nh6 12. Kg1 Be7 13. Rh3 f6 14. exf6 Bxf6 15. Bg5
O-O 16. Nb5 a6 17. Nc3 Nf5 18. h6 Bxg5 19. Nxg5 gxh6 20. Nf3 Qg7 21. Ne2 Kh8 22.
Qd2 Qg4 23. Nf4 Nfxd4 24. Nxd4 Qxf4 25. Qxf4 Rxf4 26. Nxe6 Rf6 27. Re1 d4 28.
Rh4 Re8 29. Rhe4 d3 30. Nf4 Rxe4 31. Rxe4 d2 32. Re8+ Kg7 33. Nh5+ Kf7 34. Nxf6
d1=Q+ 35. Kh2 Kxf6 36. Re3 Ne5 37. f3 Qd2 38. Re4 Ng6 39. a5 bxa5 40. b3 Nf4 41.
Kg3 Qxg2+ 42. Kxf4 Qg5# 0-1

[Event "Titled Tue 17th Jun Early"]
[Site "chess.com INT"]
[Date "2025.06.17"]
[Round "3"]
[White "Vasilenok, Anton"]
[Black "Boramanikar, Tanisha S"]
[Result "1-0"]
[WhiteTitle "CM"]
[BlackTitle "WCM"]
[WhiteElo "2137"]
[BlackElo "1743"]
[WhiteFideId "34133124"]
[BlackFideId "35023454"]
[EventDate "2025.06.17"]

1. e4 c5 2. Nf3 Nc6 3. Bb5 d6 4. O-O Bd7 5. Re1 g6 6. Nc3 Bg7 7. Bxc6 Bxc6 8. d4
e6 9. d5 Bd7 10. e5 dxe5 11. Nxe5 Ne7 12. Nxd7 Qxd7 13. dxe6 fxe6 14. Qe2 e5 15.
Bg5 O-O 16. Bxe7 Qxe7 17. Ne4 Kh8 18. Rad1 Rad8 19. c3 b6 20. g3 Qe6 21. b3 a5
22. Rxd8 Rxd8 23. Rd1 Rd5 24. Kg2 Qd7 25. Rxd5 Qxd5 26. c4 Qd4 27. a4 Kg8 28.
Qg4 Kf8 29. Qc8+ Kf7 30. Ng5+ Kf6 31. Nxh7+ Ke7 32. Qc7+ Ke6 33. Ng5+ Kf6 34. h4
e4 35. Qf7+ Ke5 36. Qxg7+ 1-0

[Event "Titled Tue 17th Jun Early"]
[Site "chess.com INT"]
[Date "2025.06.17"]
[Round "3"]
[White "Zlatin, Alexander"]
[Black "Gholami Orimi, Mahdi"]
[Result "0-1"]
[WhiteTitle "FM"]
[BlackTitle "GM"]
[WhiteElo "2313"]
[BlackElo "2511"]
[WhiteFideId "2810549"]
[BlackFideId "12558486"]
[EventDate "2025.06.17"]

1. e4 c5 2. Nf3 d6 3. d4 cxd4 4. Nxd4 Nf6 5. Nc3 Nc6 6. Nxc6 bxc6 7. Bd3 e5 8.
O-O Be7 9. b3 O-O 10. Bb2 a5 11. Qe2 Bg4 12. f3 Be6 13. Na4 Nh5 14. g3 Bh3 15.
Rf2 g6 16. Rd1 Rb8 17. c4 c5 18. Nc3 Ng7 19. Qe1 Ne6 20. Bf1 Bxf1 21. Kxf1 Nd4
22. Nd5 Bg5 23. h4 Bh6 24. Bxd4 cxd4 25. Rd3 f5 26. Kg2 Qd7 27. Qxa5 fxe4 28.
fxe4 Qg4 29. Rdf3 Qxe4 30. Qc7 d3 31. Qxd6 d2 32. Nf6+ Rxf6 33. Qxf6 d1=Q 34.
Qe6+ Kh8 35. Qf6+ Bg7 36. Qf7 Qeb1 37. Kh3 Qh1+ 38. Kg4 Qe4+ 39. Kg5 h6# 0-1

[Event "Titled Tue 17th Jun Early"]
[Site "chess.com INT"]
[Date "2025.06.17"]
[Round "3"]
[White "Balavignan, Ashvin"]
[Black "Zieba, Hubert"]
[Result "1/2-1/2"]
[WhiteTitle "CM"]
[BlackTitle "CM"]
[WhiteElo "2023"]
[BlackElo "2233"]
[WhiteFideId "3261425"]
[BlackFideId "21844704"]
[EventDate "2025.06.17"]

1. d4 d5 2. c4 c6 3. Nc3 e5 4. cxd5 cxd5 5. e3 e4 6. Bb5+ Nc6 7. f3 exf3 8. Nxf3
Nf6 9. O-O Bd6 10. Ne5 Bd7 11. Nxd7 Qxd7 12. Qf3 O-O 13. h3 a6 14. Bd3 Rfe8 15.
Bd2 Bb4 16. a3 Bxc3 17. bxc3 Ne4 18. Be1 Na5 19. Rb1 b5 20. Rb4 Rac8 21. a4 bxa4
22. Qe2 Nxc3 23. Bxc3 Rxc3 24. Qd2 Rb3 25. Bxa6 Rbxe3 26. Bb5 Nc4 27. Bxd7 Nxd2
28. Bxe8 Rxe8 29. Ra1 Nc4 30. Rbxa4 g6 31. Ra8 Kf8 32. Rxe8+ Kxe8 33. Re1+ Kd7
34. Kf2 Nd6 35. Kf3 Nf5 36. Rd1 h5 37. g4 hxg4+ 38. hxg4 Nd6 39. Kf4 f6 40. Ra1
g5+ 41. Kf3 f5 42. gxf5 Nxf5 43. Ra4 Nh6 44. Ra6 Nf5 45. Ra4 Nh6 46. Ra6 Nf5 47.
Kg4 Nxd4 48. Kxg5 Nc6 49. Kf5 Kd6 50. Kf4 Kc5 51. Ra1 d4 52. Rc1+ Kd5 53. Rd1
Ne5 54. Kf5 Nc4 55. Kf4 Kc5 56. Rxd4 Kxd4 1/2-1/2

[Event "Titled Tue 17th Jun Early"]
[Site "chess.com INT"]
[Date "2025.06.17"]
[Round "3"]
[White "Mecit, Emre"]
[Black "Novikova, Marharyta"]
[Result "1/2-1/2"]
[BlackTitle "WCM"]
[WhiteElo "2007"]
[BlackElo "1974"]
[WhiteFideId "6304214"]
[BlackFideId "14109689"]
[EventDate "2025.06.17"]

1. e4 d5 2. exd5 Nf6 3. d4 Nxd5 4. Nf3 Bf5 5. Bd3 Bxd3 6. Qxd3 c6 7. O-O e6 8.
a3 Be7 9. c4 Nf6 10. Nc3 O-O 11. Bf4 Bd6 12. Bxd6 Qxd6 13. Rad1 Nbd7 14. Rfe1
Rad8 15. b4 Qc7 16. h3 Rfe8 17. Qe3 Nb6 18. Qe2 h6 19. Ne5 Nbd7 20. Qe3 a6 21.
Na4 Nb6 22. Nc5 Nbd7 23. Ncd3 Nxe5 24. Nxe5 Nd7 25. f4 Nxe5 26. fxe5 Rd7 27. Rf1
Red8 28. Rf4 Kh8 29. Rdf1 Qb6 30. c5 Qc7 31. R1f3 b6 32. Qf2 Kg8 33. Rg3 bxc5
34. bxc5 Qb8 35. Rfg4 Qb1+ 36. Kh2 g6 37. Qf6 Kh7 38. Rf3 Qc2 39. h4 h5 40. Rg5
Qe4 41. Kh3 Qe1 42. Kh2 Qe4 43. Kh3 Qe1 44. Kh2 Qe4 1/2-1/2

[Event "Titled Tue 17th Jun Early"]
[Site "chess.com INT"]
[Date "2025.06.17"]
[Round "3"]
[White "Papaioannou, Dimitrios"]
[Black "Kovalenko, Igor"]
[Result "1-0"]
[WhiteTitle "CM"]
[BlackTitle "GM"]
[WhiteElo "2206"]
[BlackElo "2676"]
[WhiteFideId "25865137"]
[BlackFideId "14117908"]
[EventDate "2025.06.17"]

1. Nf3 c5 2. c4 g6 3. d4 Bg7 4. d5 d6 5. e4 e5 6. dxe6 Bxe6 7. Nc3 Ne7 8. Bf4
Nbc6 9. Be2 Qb6 10. Qd2 Rd8 11. O-O O-O 12. Rab1 Nd4 13. Nxd4 cxd4 14. Nd5 Bxd5
15. cxd5 Rc8 16. Rfc1 h5 17. Bg5 Rfe8 18. Bd3 Kh7 19. h3 Ng8 20. f4 Rxc1+ 21.
Rxc1 Nf6 22. Re1 Nd7 23. Kh2 a5 24. Qe2 Nc5 25. Bb1 d3 26. Bxd3 Qxb2 27. Qf3 f5
28. exf5 Rxe1 29. fxg6+ Kg8 30. Qxh5 Nxd3 31. Qh7+ Kf8 32. Bh6 Qf6 33. Bg5 Qf5
34. Bh6 Bxh6 35. g7+ Bxg7 36. Qxf5+ Ke7 37. Qxd3 Bh6 38. Qh7+ Kd8 39. Qxh6 Kc7
40. Qg7+ Kb6 41. f5 Ka7 42. f6 1-0

[Event "Titled Tue 17th Jun Early"]
[Site "chess.com INT"]
[Date "2025.06.17"]
[Round "3"]
[White "Nagare Kaivalya Sandip"]
[Black "Akhmedov, David"]
[Result "1-0"]
[WhiteTitle "FM"]
[BlackTitle "FM"]
[WhiteElo "2321"]
[BlackElo "2447"]
[WhiteFideId "25957929"]
[BlackFideId "34220194"]
[EventDate "2025.06.17"]

1. e4 c5 2. Nf3 d6 3. d4 cxd4 4. Nxd4 Nf6 5. Nc3 a6 6. h3 e6 7. g4 h6 8. Rg1 Be7
9. Be3 Nc6 10. Qd2 d5 11. exd5 Nxd5 12. Nxd5 exd5 13. O-O-O Bf6 14. Kb1 O-O 15.
f4 Re8 16. Bf2 Re4 17. Nb3 Rb4 18. a3 Ra4 19. Bg2 d4 20. Bxc6 bxc6 21. Bxd4 Bxd4
22. Nxd4 c5 23. Nb3 Qxd2 24. Rxd2 Rxf4 25. Rd8+ Kh7 26. Nxc5 a5 27. Rgd1 Rc4 28.
R1d5 a4 29. Nd3 Bb7 30. Rxa8 Bxa8 31. Rd7 Bg2 32. Nf2 Rf4 33. Rd2 Rf3 34. Ka2
Bxh3 35. Nxh3 Rxh3 36. b4 axb3+ 37. cxb3 Rg3 38. Rd4 Kg6 39. a4 h5 40. gxh5+
Kxh5 41. a5 Rg6 42. Ra4 Rh6 43. a6 Rh8 44. a7 Ra8 45. b4 g5 46. b5 g4 47. b6 g3
48. Ra3 Kh4 49. b7 Re8 50. b8=Q 1-0

[Event "Titled Tue 17th Jun Early"]
[Site "chess.com INT"]
[Date "2025.06.17"]
[Round "3"]
[White "Yildiz, Egehan"]
[Black "Aradhya, Garg"]
[Result "0-1"]
[WhiteTitle "FM"]
[BlackTitle "IM"]
[WhiteElo "2198"]
[BlackElo "2370"]
[WhiteFideId "44518072"]
[BlackFideId "25006746"]
[EventDate "2025.06.17"]

1. d4 d5 2. c4 e6 3. Nf3 Nf6 4. Nc3 dxc4 5. e3 a6 6. a4 b6 7. Bxc4 Bb7 8. O-O
Bb4 9. Qe2 O-O 10. Bd3 c5 11. dxc5 Bxc5 12. e4 Nbd7 13. Bg5 h6 14. Bh4 Be7 15.
Rfd1 Nh5 16. Bg3 Nxg3 17. hxg3 Bc5 18. Rac1 Qf6 19. e5 Bxf3 20. exf6 Bxe2 21.
fxg7 Bxd1 22. gxf8=Q+ Kxf8 23. Rxd1 Ne5 24. Be2 f5 25. Kf1 Ke7 26. f4 Nc6 27.
Bf3 Rc8 28. Be2 Ra8 29. Bf3 Rc8 30. Be2 Nb4 31. Bc4 Kf6 32. b3 Rc7 33. Rd8 a5
34. Rh8 Kg7 35. Re8 Rd7 36. Rxe6 Rd2 37. Re8 Rf2+ 38. Ke1 Nc2+ 39. Kd1 Ne3+ 40.
Kc1 Rc2+ 41. Kb1 Rxc3 42. Rh8 Kxh8 0-1

[Event "Titled Tue 17th Jun Early"]
[Site "chess.com INT"]
[Date "2025.06.17"]
[Round "3"]
[White "Cernov, Henrik"]
[Black "Salimova, Asal"]
[Result "1-0"]
[WhiteTitle "FM"]
[BlackTitle "WCM"]
[WhiteElo "2325"]
[BlackElo "2063"]
[WhiteFideId "16258312"]
[BlackFideId "14204940"]
[EventDate "2025.06.17"]

1. d4 Nf6 2. c4 e6 3. Nc3 Bb4 4. e3 c5 5. Bd3 b6 6. Ne2 O-O 7. a3 cxd4 8. axb4
dxc3 9. Nxc3 Bb7 10. Qc2 Nc6 11. Na2 Ne5 12. Be2 Rc8 13. b3 d5 14. Bb2 Ng6 15.
h4 dxc4 16. bxc4 Be4 17. Qc3 h5 18. f3 Bb7 19. Rd1 Qc7 20. Kf2 Rcd8 21. g3 e5
22. Nc1 Qc6 23. e4 a5 24. Ba3 b5 25. bxa5 Rfe8 26. Nb3 Nxe4+ 27. fxe4 Qxe4 28.
Rhg1 Qf5+ 29. Ke1 Rxd1+ 30. Kxd1 Rd8+ 31. Kc1 Qf2 32. Rd1 Qxe2 33. Rxd8+ Kh7 34.
Rd2 Qe1+ 35. Kb2 Be4 36. Nc1 bxc4 37. a6 1-0

[Event "Titled Tue 17th Jun Early"]
[Site "chess.com INT"]
[Date "2025.06.17"]
[Round "3"]
[White "Rodriguez, Santiago"]
[Black "Baziuk, Vladyslav"]
[Result "0-1"]
[WhiteTitle "CM"]
[WhiteElo "2252"]
[BlackElo "2247"]
[WhiteFideId "3000591"]
[BlackFideId "34107940"]
[EventDate "2025.06.17"]

1. d4 Nf6 2. Bg5 Ne4 3. Bf4 d5 4. e3 c5 5. Bd3 Nf6 6. Nf3 cxd4 7. exd4 Nc6 8. c3
Bg4 9. Nbd2 e6 10. Qb3 Qc8 11. O-O Be7 12. Rae1 O-O 13. Ne5 Nxe5 14. Bxe5 Bh5
15. f4 Bg6 16. Bxg6 hxg6 17. Bxf6 gxf6 18. Re3 Kg7 19. Rg3 Qd7 20. Nf3 Rh8 21.
Re1 Rac8 22. h3 b5 23. Nh2 a5 24. a3 Rc4 25. Ng4 b4 26. Ne3 Rc7 27. f5 a4 28.
fxe6 fxe6 29. Qc2 f5 30. axb4 Bh4 31. Qf2 Qd6 32. Nf1 f4 33. Rxg6+ Kxg6 34. Qc2+
Kf6 35. Re5 Rg7 36. Nh2 Kf7 37. Qxa4 Bf6 38. Nf3 Bxe5 39. Nxe5+ Kf6 40. Qc2 Rh5
41. Qf2 Rxe5 42. Qxf4+ Kg6 43. dxe5 Qb6+ 44. Kh2 Qd8 45. Qg4+ Qg5 46. Qxe6+ Kh7
47. Qg4 Qxe5+ 48. Kh1 Rxg4 0-1

[Event "Titled Tue 17th Jun Early"]
[Site "chess.com INT"]
[Date "2025.06.17"]
[Round "3"]
[White "Khodzhamkuliev, Bahadur"]
[Black "Mariano, Fabian Glen"]
[Result "0-1"]
[BlackTitle "FM"]
[WhiteElo "2093"]
[BlackElo "2401"]
[WhiteFideId "24135046"]
[BlackFideId "7129041"]
[EventDate "2025.06.17"]

1. Nf3 Nf6 2. d4 e6 3. c3 b6 4. Bg5 Be7 5. Nbd2 d5 6. e3 O-O 7. Bd3 Bb7 8. Ne5
c5 9. Bxf6 Bxf6 10. f4 Nc6 11. O-O Be7 12. Qh5 f5 13. g4 Nxe5 14. fxe5 g6 15.
Qh3 Kh8 16. gxf5 gxf5 17. Kh1 Rg8 18. Rg1 Qd7 19. Qh6 Raf8 20. Nf3 Bc8 21. Ng5
Bxg5 22. Rxg5 Rxg5 23. Qxg5 Qg7 24. Qxg7+ Kxg7 25. Rg1+ Kh6 26. Rg3 Bd7 27. Kg2
Be8 28. Kf3 Bg6 29. Kf4 Rb8 30. Rh3+ Kg7 31. Rg3 a5 32. h4 Kh6 33. Be2 cxd4 34.
exd4 b5 35. h5 Bf7 36. a3 b4 37. cxb4 axb4 38. Rb3 Rg8 39. Rxb4 Rg2 40. Bf3 Rh2
41. Kg3 Rd2 42. a4 Kg5 43. h6 f4+ 44. Kh3 Bg6 0-1